根据城区地图写出广东各地市 Write Guangdong cities based on urban area map - Statistics

General Stats
  • This quiz has been taken 45 times
  • The average score is 9 of 21
Answer Stats
Picture Answer % Correct
深圳
88%
广州
79%
珠海
71%
汕尾
68%
汕头
56%
湛江
53%
肇庆
53%
惠州
47%
佛山
44%
东莞
41%
清远
32%
河源
32%
梅州
32%
潮州
26%
揭阳
26%
韶关
26%
中山
21%
云浮
21%
阳江
18%
江门
15%
茂名
12%
No matching quizzes found
Score Distribution
Percent of People with Each Score
Percentile by Number Answered
Your Score History
You have not taken this quiz